2009 Mali Yılı performans proğramı (Record no. 8186)
[ view plain ]
| 000 -BAŞLIK | |
|---|---|
| Sabit Uzunlukta Kontrol Alanı | 00945na a2200229 4500 |
| 001 - KONTROL NUMARASI | |
| Denetim Alanı | 21299 |
| 003 - KONTROL NUMARASI IDENTIFIER | |
| Denetim Alanı | MIRAKIL |
| 005 - SON İŞLEM TARİHİ VE ZAMANI | |
| Denetim Alanı | 20181213155203.0 |
| 008 - SABİT-BOY VERİ ELEMANLARI - GENEL BİLGİLER | |
| Sabit Uzunlukta Kontrol Alanı | 170203b tu 000 0 |
| 040 ## - KATALOGLAMA KAYNAK | |
| Orijinal Kataloglama Ajansı | Milas |
| Kataloglama Dili | tur |
| Metne Dönüştürmek Ajansı | TR-AnCHP |
| 041 ## - DİL KODU | |
| Metin / Ses Parça Veya Ayrı Başlığın Dil Kodu | tur |
| 082 ## - DEWEY ONLU SINIFLANDIRMA NUMARASI | |
| Sınıflandırma Numarası | 353.853 |
| Ürün Numarası | T96i 2009 |
| 090 ## - SINIFLAMA NUMARASI | |
| Sınıflama Numarası | 353.853 T96i 2009 |
| 110 ## - ANA GİRİŞ - KURUMSAL ADI | |
| Giriş Elemanı Olarak Kurumsal Ad Veya Yargı Alanı Adı | T.C. Sağlık Bakanlığı Hudut ve Sahiller Sağlık Genel Müdürlüğü |
| 245 ## - BAŞLIK TABLOSU | |
| Başlık | 2009 Mali Yılı performans proğramı |
| Sorumluluk Tablosu, Vb | T.C. Sağlık Bakanlığı Hudut ve Sahiller Sağlık Genel Müdürlüğü |
| 260 ## - YAYIN, DAĞITIM, VB | |
| Yayın, Dağıtım, Vb Yeri | [Ankara] |
| Yayıncı, Dağıtıcı, Vs Adı | Hudut ve Sahiller Sağlık Genel Müdürlüğü |
| Yayın, Dağıtım, Vb Tarihi | 2009 |
| 300 ## - FİZİKSEL TANIM | |
| Kapsam | 91 s. |
| Diğer Fiziksel Ayrıntıları | tbl. ; grf. |
| Boyutlar | 30 sm. |
| 500 ## - GENEL NOT | |
| Genel Not | Bu kitabın elektronik versiyonuna www. hssgm.gov.tr adresinden erişilebilir. |
| 650 ## - KONU KATMA GİRİŞ - TOPİKAL DÖNEM | |
| Topikal Süreli Veya Coğrafi Ad Giriş Elemanı | Sağlık Bakanlığı |
| Genel Alt Bölümü | Hudut ve Sahiller Genel Müdürlüğü |
| Kronolojik Alt Bölümü | Mali rapor |
| 710 ## - KATMA GİRİŞ - KURUMSAL ADI | |
| Giriş Elemanı Olarak Kurumsal Ad Veya Yargı Alanı Adı | T.C. Sağlık Bakanlığı Hudut ve Sahiller Sağlık Genel Müdürlüğü |
| 942 ## - EKLENDİ GİRİŞ ELEMANLARI (KOHA) | |
| Sınıflandırma Veya Raf Düzeni Kaynak | Dewey Decimal Classification |
| Koha Öğesi Türü | Books |
| 999 ## - SİSTEM KONTROL NUMARALARI (KOHA) | |
| Koha Biblionumber | 8186 |
| Koha Biblioitemnumber | 8186 |
| Kalıcı Konum | Mevcut Konum | Edinme Tarihi | Edinim Kaynak | Toplam Check-Out'Lar | Tam Çağrı Numarası | Barkod | Tarih Son Görülme | İtibaren Geçerli Fiyatlar | Koha Öğesi Türü |
|---|---|---|---|---|---|---|---|---|---|
| CHP Kütüphanesi | CHP Kütüphanesi | 02/03/2017 | Bağış | 353.853 T96i 2009 | 012231 | 02/03/2017 | 02/03/2017 | Books |
